Plan de negocios para la creación de una empresa productora y comercializadora de licor de maíz con marca “Maizal” en la ciudad de Managua durante el período 2020-2024.

En la presente investigación, se pretende insertar un nuevo producto en el mercado nacional de licores, una bebida alcohólica a base de maíz, con características innovadoras con el objetivo de, Ofrecer nuevas alternativas para los consumidores tanto potenciales como comunes del distrito V y VI...

Full description

Bibliographic Details
Main Authors: Briones Ramírez, Julio César, Flores Delgadillo, Kenneth Alexande
Other Authors: Tutor: Chavarría Valverde, Luis Alberto
Format: Tesis Section = Libro
Language:Undetermined
Spanish
Published: Managua UNI 2020
Subjects:
LEADER 01348nam a2200289Ia 4500
008 240830s9999 xx 000 0 und d
040 |a BIBLIOTECA-RUPAP Mon 658.11 B858 
041 |a spa 
082 |a Mon 658.11 B858 
100 1 |a Briones Ramírez, Julio César 
100 1 |b  Flores Delgadillo, Kenneth Alexande 
245 1 0 |a Plan de negocios para la creación de una empresa productora y comercializadora de licor de maíz con marca “Maizal” en la ciudad de Managua durante el período 2020-2024. 
260 |a Managua  |b UNI  |c 2020 
300 |a 208 p. :il. 
500 |a Contiene: anexos y CD. 
502 |a Tesis (Ingeniero Industrial)- UNI, 2020. 
520 3 |a En la presente investigación, se pretende insertar un nuevo producto en el mercado nacional de licores, una bebida alcohólica a base de maíz, con características innovadoras con el objetivo de, Ofrecer nuevas alternativas para los consumidores tanto potenciales como comunes del distrito V y VI de la ciudad de Managua. 
650 7 |a NUEVOS NEGOCIOS-NICARAGUA 
650 7 |b INDUSTRIA LICORERA-NICARAGUA 
650 7 |c LICOR DE MAIZ-PRODUCCION 
650 7 |d LICOR-ASPECTOS ECONOMICOS 
650 7 |e ESTUDIO DE MERCADO 
650 7 |f ESTUDIO ECONOMICO 
700 1 |a Tutor:  |b Chavarría Valverde, Luis Alberto 
942 |c BK  |2 ddc 
991 |a TESIS 
999 |c 16862